Geography Trivia Trail Quiz Stats

 Plays Quiz not verified by Sporcle

Also try: 'E'-Less States
Challenge
Share
Tweet
Embed
Score 0/28 Timer 04:00
0 Plays Today
Clue Answer % Correct
What is the capital of Australia?Canberra
93.9%
African country often associated with piratesSomalia
84.2%
In which country would you find the peak of Mount Everest?Nepal
81.5%
What is the capital on Kenya?Nairobi
79.9%
Little Rock is the capital city of which US State?Arkansas
78%
Which of the 'stan' countries reaches the furthest North?Kazakhstan
75.4%
The name given to a small tremor after an EarthquakeAftershock
73.3%
South American country whose capital is ParamariboSuriname
69.3%
The process by which water turned into water vapourEvaporation
69%
Which US State is home to the city of Las Vegas?Nevada
62.8%
Capital of New ZealandWellington
61.7%
What is the 6th smallest country in Europe?Andorra
61.5%
Country famous for chocolate, cheese and banksSwitzerland
59.7%
Small British Territory between Europe and AfricaGibraltar
59.6%
Clue Answer % Correct
Type of rock formed by cooling lavaIgneous
59.4%
Optical phenomenon where a spectrum of light appears in the sky Rainbow
56.1%
World's longest mountain rangeAndes
55.8%
Only African country to border both Djibouti and the Red SeaEritrea
55%
European river which passes through 10 countriesDanube
52.2%
Caribbean country sharing a land border with the Dominican RepublicHaiti
51.6%
Capital of ScotlandEdinburgh
51%
Country whose Overseas Territories account for 98.1% of it's total areaDenmark
50%
Country with the same name as it's capitalLuxembourg
49.8%
Second largest city in PolandKrakow
48.1%
Term describing extremely dry conditionsArid
42.2%
In which Australian State would you find the Great Barrier Reef?Queensland
34.2%
The only country which both borders Turkey, and uses the Dinar as currencyIraq
29.9%
In which UK county is Stonehenge?Wiltshire
26%

You're not logged in!

Compare scores with friends on all Sporcle quizzes.
Join for Free
OR
Log In

You Might Also Like...

Show Comments

Extras

Created Aug 3, 2011ReportNominate
Tags:trail

Top Quizzes Today


Score Distribution

Your Account Isn't Verified!

In order to create a playlist on Sporcle, you need to verify the email address you used during registration. Go to your Sporcle Settings to finish the process.

Report this User

Report this user for behavior that violates our Community Guidelines.

Details: